Runing and mainteance of the marine diesel engine (Record no. 13148)

000 -LEADER
fixed length control field 00475nam a2200181 4500
001 - CONTROL NUMBER
control field 13148
003 - CONTROL NUMBER IDENTIFIER
control field BD-DhUET
008 - FIXED-LENGTH DATA ELEMENTS--GENERAL INFORMATION
fixed length control field 150301s1958 uk a|||| |||| 001 0 eng d
040 ## - CATALOGING SOURCE
Original cataloging agency DLC
Transcribing agency DLC
Modifying agency BD-DhUET
082 ## - DEWEY DECIMAL CLASSIFICATION NUMBER
Classification number 626.87236
Item number LAM/1958
100 ## - MAIN ENTRY--PERSONAL NAME
Personal name Lamb, J.
245 ## - TITLE STATEMENT
Title Runing and mainteance of the marine diesel engine
250 ## - EDITION STATEMENT
Edition statement 1st ed.
260 ## - PUBLICATION, DISTRIBUTION, ETC. (IMPRINT)
Place of publication, distribution, etc. London
Name of publisher, distributor, etc. Charles Griffin
Date of publication, distribution, etc. 1958
300 ## - PHYSICAL DESCRIPTION
Extent viii, 722p.
Other physical details illus.
650 #0 - SUBJECT ADDED ENTRY--TOPICAL TERM
Topical term or geographic name as entry element Marine diesel engine
942 ## - ADDED ENTRY ELEMENTS (KOHA)
Koha item type General Book
Holdings
Koha item type Koha full call number Copy number Withdrawn status Price effective from Sublocation or collection (holding branch) Source of classification or shelving scheme Not for loan Location (home branch) Damaged status Date acquired Lost status Shelving location Koha date last seen Koha normalized classification for sorting Piece designation (barcode)
General Book626.87236/LAM/19581 2015-03-01Central Library, BUET  Central Library, BUET 2015-03-01 Circulation section2015-03-01626_872360000000000_LAM_195848972